Historia crítica del reinado de Don Alfonso XIII durante su menoridad bajo la regencia de su madre Doña María Cristina de Austria. (Record no. 101056)

MARC details
000 -LEADER
campo de control de longitud fija 00704nam a2200181 i 4500
001 - NÚMERO DE CONTROL
campo de control 101056
003 - IDENTIFICADOR DE NÚMERO DE CONTROL
campo de control ES-MaACL
005 - FECHA Y HORA DE LA ÚLTIMA TRANSACCIÓN
campo de control 20230906182819.0
007 - CAMPO FIJO DE DESCRIPCIÓN FÍSICA--INFORMACIÓN GENERAL
campo de control de longitud fija t|
008 - DATOS DE LONGITUD FIJA--INFORMACIÓN GENERAL
campo de control de longitud fija 051011s1919 sp ||||1| spa d
100 1# - ENTRADA PRINCIPAL--NOMBRE DE PERSONA
Nombre de persona Maura Gamazo, Gabriel,
Títulos y otros términos asociados al nombre Duque de Maura,
Fechas asociadas al nombre 1879-1963
9 (RLIN) 79221
245 10 - MENCIÓN DEL TÍTULO
Título Historia crítica del reinado de Don Alfonso XIII durante su menoridad bajo la regencia de su madre Doña María Cristina de Austria.
Número de parte o sección de la obra I /
Mención de responsabilidad, etc. Gabriel Maura Gamazo.
260 ## - PUBLICACIÓN, DISTRIBUCIÓN, ETC.
Lugar de publicación, distribución, etc. Barcelona :
Nombre del editor, distribuidor, etc. Montaner y Simón,
Fecha de publicación, distribución, etc. [1919]
300 ## - DESCRIPCIÓN FÍSICA
Extensión 375 p. ;
Dimensiones 22 cm.
651 #4 - PUNTO DE ACCESO ADICIONAL DE MATERIA--NOMBRE GEOGRÁFICO
Nombre geográfico España-
Subdivisión general Historia-
Subdivisión cronológica 1885-1902, Regencia de Maria Cristina de Habsburgo.
9 (RLIN) 8270
852 ## - LOCALIZACIÓN
Ubicación ES-MaACL
Número de control de estantería F-2454
Holdings
Estatus retirado Estado de pérdida Estado de daño No para préstamo Biblioteca de origen Biblioteca actual Ubicación en estantería Fecha de adquisición Fuente de adquisición Total de préstamos Signatura topográfica completa Código de barras Visto por última vez Precio de reemplazo Tipo de ítem Koha
        Biblioteca del Ateneo de Madrid Biblioteca del Ateneo de Madrid Depósito 2 17/01/2008     F-2454 1105509 23/02/2023 23/02/2023 Libro impreso